It looks like you're offline.
Open Library logo
additional options menu

MARC record from Internet Archive

LEADER: 02317cam 2200577Ia 4500
001 ocm55629134
003 OCoLC
005 20100716122831.0
008 040610s2002 nyu 000 0 eng d
040 $aMJC$cMJC$dOCLCQ$dBAKER$dNOS$dYDXCP
020 $a0078273706 (book 1)
020 $a9780078273704 (book 1)
020 $a0078273714 (book 2)
020 $a9780078273711 (book 2)
020 $a0078273722 (book 3)
020 $a9780078273728 (book 3)
020 $a0078273730 (book 4)
020 $a9780078273735 (book 4)
020 $a0078273749 (book 5)
020 $a9780078273742 (book 5)
020 $a0078273757 (book 6)
020 $a9780078273759 (book 6)
020 $a0078273765 (book 7)
020 $a9780078273766 (book 7)
020 $a0078273773 (book 8)
020 $a9780078273773 (book 8)
020 $a0078273781 (book 9)
020 $a9780078273780 (book 9)
020 $a007827379X (book 10)
020 $a9780078273797 (book 10)
035 $a(OCoLC)55629134
050 4 $aLB1050.45$b.T55 2002
082 04 $a500$bT482
245 00 $aTimed readings plus in science :$b25 two-part lessons with questions for building reading speed and comprehension.
246 1 $iAt head of title:$aJamestown Education
260 $aNew York, N.Y. :$bMcGraw-Hill Glencoe,$c[2002?]
300 $a10 v. ;$c25 cm.
650 0 $aScience.
938 $aBaker & Taylor$bBKTY$c16.64$d16.64$i0078273722$n0006314836$sactive
938 $aBaker & Taylor$bBKTY$c17.32$d17.32$i0078273706$n0006314834$sactive
938 $aBaker & Taylor$bBKTY$c17.32$d17.32$i0078273714$n0006314835$sactive
938 $aBaker & Taylor$bBKTY$c17.32$d17.32$i0078273730$n0006451505$sactive
938 $aBaker & Taylor$bBKTY$c17.32$d17.32$i0078273749$n0006451678$sactive
938 $aBaker & Taylor$bBKTY$c17.32$d17.32$i0078273757$n0006451730$sactive
938 $aBaker & Taylor$bBKTY$c17.32$d17.32$i0078273765$n0006451732$sactive
938 $aBaker & Taylor$bBKTY$c17.32$d17.32$i0078273773$n0006451727$sactive
938 $aBaker & Taylor$bBKTY$c17.32$d17.32$i0078273781$n0006451676$sactive
938 $aBaker & Taylor$bBKTY$c17.32$d17.32$i007827379X$n0006451733$sactive
938 $aYBP Library Services$bYANK$n2195604
994 $aZ0$bPMR
948 $hNO HOLDINGS IN PMR - 19 OTHER HOLDINGS